000 00836nas a2200253 4500
001 BR7601854
003 BR-BrBNA
005 20231205082941.0
007 ta
008 230509b bl.|||p| |||| 00| 00por d
040 _aBR-BrBNA
_bpor
_cBiblioteca Nacional de Agricultura
041 _a(Pt)
072 _aF00
110 1 _aInstituto de Pesquisas Agronomicas, Porto Alegre, RS (Brasil)
_96134
245 1 _aCarioca e Rio Tibagi, novas opcoes para o Rio Grande do Sul e Santa Catarina [variedade, feijao, Phaseolus vulgaris, Brasil]
650 _aFEIJAO
650 _aVARIEDADE
650 _aRENDIMENTO
650 _aRIO GRANDE DO SUL
650 _aSANTA CATARINA
773 0 _tIPAGRO Informa (Brazil)
_xISSN 0100-3410
_g(Jul 1976), (no. 14) p. 14
_wBR7601854
909 _a202311
_bLúcia
_c55
_dLúcia Elande
942 _2AGRIS
_n0
_cANA
999 _c95332
_d95332